=LDR 00000nam 2200000 4500 =001 INLIS000000000031876 =005 20130612133923 =008 ***********************************ind** =035 ##$$0010-061300000031876 =041 ##$$a ind =082 ##$$a 372.3 =090 ##$$a 372.3, Pur, e =100 ##$$a PURWANTO =245 ##$$a Ensiklopedi Fisika 6 , Magnet Listrik dan Komputer , Purwanto,Ready Susanto,M.Insan Kamil =260 ##$$a 2008 $b Bandung =300 ##$$a 57 hlm. , Illus. , 28 cm =650 ##$$a PEDIDIKAN DASAR FISIKA =700 ##$$a SUSANTO,Ready =850 ##$$a NBPNMAT =990 ##$$a 0001/BPAP-NTB/20142014 =990 ##$$a 0001/BPAP-NTB/20142015